[Event "EU Small Countries ol 8th"]
[Site "St Helier"]
[Date "2023.11.02"]
[Round "7.1"]
[White "Pace, Colin"]
[Black "Ferster, Fabian"]
[Result "1-0"]
[WhiteElo "2155"]
[BlackElo "2162"]
[PlyCount "89"]
[EventDate "2023.10.29"]
[EventType "team-tourn"]
[EventRounds "9"]
[EventCountry "GCI"]
[SourceTitle "Mega2024 Update 01"]
[Source "Chessbase"]
[SourceDate "2023.11.12"]
[SourceVersion "1"]
[SourceVersionDate "2023.11.12"]
[SourceQuality "1"]
[WhiteTeam "Malta"]
[BlackTeam "Liechtenstein"]
[WhiteTeamCountry "MLT"]
[BlackTeamCountry "LIE"]

1. e4 c5 2. Nf3 Nc6 3. d4 cxd4 4. Nxd4 Nf6 5. Nc3 e5 6. Ndb5 d6 7. Bg5 a6 8. Na3 b5 9. Nd5 Be7 10. Bxf6 Bxf6 11. c4 b4 12. Nc2 0-0 13. b3 a5 14. g3 Bg5 15. h4 Bh6 16. Bh3 Be6 17. Kf1 Ra7 18. Kg2 Ne7 19. Nxe7+ Rxe7 20. Bxe6 fxe6 21. a3 Ref7 22. Rf1 Qb6 23. f3 bxa3 24. Nxa3 Be3 25. Nb5 Bc5 26. Nc3 Bd4 27. Rc1 g5 28. hxg5 Be3 29. Rb1 Qd8 30. Ne2 Qxg5 31. Qxd6 Rf6 32. Qe7 Bd2 33. Rbd1 Qe3 34. Ng1 h5 35. Qd6 Bb4 36. Qxe5 h4 37. Rd7 Rg6 38. g4 Qh6 39. Nh3 Bd2 40. Rd3 Bg5 41. c5 Rc8 42. Rfd1 Be7 43. Rc3 Qf8 44. c6 Qe8 45. Qh5 1-0

[Event "Olympiad-44"]
[Site "Chennai"]
[Date "2022.08.06"]
[Round "8.2"]
[White "Pace, Colin"]
[Black "Alegre, Fabio Costa"]
[Result "0-1"]
[WhiteElo "2159"]
[BlackElo "1809"]
[PlyCount "70"]
[EventDate "2022.07.29"]
[EventType "team-swiss"]
[EventRounds "11"]
[EventCountry "IND"]
[SourceTitle "CBM 210"]
[Source "ChessBase"]
[SourceDate "2022.10.31"]
[SourceVersion "1"]
[SourceVersionDate "2022.10.31"]
[SourceQuality "1"]
[WhiteTeam "Malta"]
[BlackTeam "Sao Tome and Principe"]
[WhiteTeamCountry "MLT"]
[BlackTeamCountry "SAO"]

1. e4 c5 2. Nf3 g6 3. d4 cxd4 4. Nxd4 Bg7 5. Nc3 Nc6 6. Nb3 Nf6 7. Be2 a6 8. 0-0 0-0 9. Re1 b5 10. Bf1 d6 11. Bg5 Be6 12. a4 bxa4 13. Rxa4 d5 14. Nc5 Bg4 15. f3 d4 16. Bxf6 exf6 17. Nd5 Be6 18. Bc4 Qd6 19. b4 Rfb8 20. Nxa6 Bxd5 21. Bxd5 Rb6 22. Qa1 f5 23. Qa2 Ra7 24. Rb1 Be5 25. h3 Bf4 26. Nc5 Rxa4 27. Qxa4 Nxb4 28. Qe8+ Kg7 29. Qxf7+ Kh6 30. Ne6 Nxd5 31. Qg7+ Kh5 32. g4+ Kh4 33. exd5 Be3+ 34. Kf1 Rxb1+ 35. Ke2 Qh2+ 0-1

[Event "EU Small Countries ol 6th"]
[Site "San Marino"]
[Date "2019.03.25"]
[Round "3.3"]
[White "Efimov, Igor"]
[Black "Pace, Colin"]
[Result "1-0"]
[WhiteElo "2427"]
[BlackElo "2122"]
[PlyCount "55"]
[EventDate "2019.03.24"]
[EventType "team-tourn"]
[EventRounds "9"]
[EventCountry "SMR"]
[SourceTitle "CBM 189 Extra"]
[Source "ChessBase"]
[SourceDate "2019.06.03"]
[SourceVersion "1"]
[SourceVersionDate "2019.06.03"]
[SourceQuality "1"]
[WhiteTeam "Monaco"]
[BlackTeam "Malta"]
[WhiteTeamCountry "MNC"]
[BlackTeamCountry "MLT"]

1. d4 f5 2. g3 Nf6 3. Bg2 g6 4. c3 Bg7 5. Qb3 Nc6 6. Nh3 e5 7. Bxc6 bxc6 8. dxe5 Ne4 9. Nd2 Nc5 10. Qa3 Qe7 11. Nf3 d6 12. Bg5 Qe6 13. Nf4 Qf7 14. Rd1 Ne4 15. exd6 cxd6 16. Rxd6 Nxd6 17. Qxd6 Qd7 18. Qc5 Qc7 19. Nd5 Qd7 20. Nf6+ Bxf6 21. Bxf6 Rf8 22. Bg5 Qe6 23. Nd4 Qd7 24. Nxc6 Rf7 25. Ne5 Qb7 26. 0-0 Rc7 27. Rd1 Be6 28. Qd6 1-0

[Event "Olympiad-42"]
[Site "Baku"]
[Date "2016.09.13"]
[Round "11.1"]
[White "Villegas, Pierre"]
[Black "Pace, Colin"]
[Result "1-0"]
[WhiteElo "2329"]
[BlackElo "2172"]
[PlyCount "57"]
[EventDate "2016.09.02"]
[EventType "team-swiss"]
[EventRounds "11"]
[EventCountry "AZE"]
[SourceTitle "CBM 175"]
[Source "ChessBase"]
[SourceDate "2016.11.10"]
[SourceVersion "1"]
[SourceVersionDate "2016.11.10"]
[SourceQuality "1"]
[WhiteTeam "Monaco"]
[BlackTeam "Malta"]
[WhiteTeamCountry "MNC"]
[BlackTeamCountry "MLT"]

1. c4 f5 2. b3 d6 3. Bb2 e5 4. d4 e4 5. e3 Nf6 6. Nc3 Be6 7. d5 Bf7 8. Nge2 c6 9. Qd2 c5 10. f3 exf3 11. gxf3 Nbd7 12. Bg2 g6 13. Nf4 Ne5 14. Ne6 Bxe6 15. dxe6 Be7 16. f4 Nc6 17. Nd5 0-0 18. 0-0-0 Nxd5 19. Bxd5 Qa5 20. Qxa5 Nxa5 21. Rdg1 Nc6 22. a3 g5 23. Rg3 h6 24. Rhg1 Kh7 25. h4 g4 26. Rxg4 fxg4 27. Be4+ Kg8 28. Rxg4+ Bg5 29. hxg5 1-0

[Event "Olympiad-42"]
[Site "Baku"]
[Date "2016.09.05"]
[Round "4.1"]
[White "Pace, Colin"]
[Black "Kavinda, Akila"]
[Result "1/2-1/2"]
[WhiteElo "2172"]
[BlackElo "2020"]
[PlyCount "94"]
[EventDate "2016.09.02"]
[EventType "team-swiss"]
[EventRounds "11"]
[EventCountry "AZE"]
[SourceTitle "CBM 175"]
[Source "ChessBase"]
[SourceDate "2016.11.10"]
[SourceVersion "1"]
[SourceVersionDate "2016.11.10"]
[SourceQuality "1"]
[WhiteTeam "Malta"]
[BlackTeam "Sri Lanka"]
[WhiteTeamCountry "MLT"]
[BlackTeamCountry "SRI"]

1. e4 d6 2. d4 g6 3. Nc3 Bg7 4. Bg5 Nc6 5. d5 Ne5 6. f4 h6 7. Bh4 g5 8. fxe5 gxh4 9. Bb5+ Bd7 10. Nf3 Bxb5 11. Nxb5 c6 12. Nc3 Bxe5 13. Nxe5 dxe5 14. Qh5 Qd6 15. 0-0-0 Qf6 16. Kb1 Qg5 17. Qe2 Nf6 18. Rhf1 0-0 19. Rf5 Qg4 20. Qe3 cxd5 21. h3 Qg6 22. Rxe5 dxe4 23. Nxe4 Rac8 24. Rxe7 Rcd8 25. Nxf6+ Qxf6 26. Re1 Rd6 27. b3 Rfd8 28. Re8+ Rxe8 29. Qxe8+ Kg7 30. Qe2 Qg5 31. Qf3 Rd2 32. Rf1 Rd7 33. Qc3+ f6 34. Qf3 Re7 35. a4 b6 36. Qc3 Qg6 37. Rf4 h5 38. Rxh4 Rd7 39. Rf4 Qg5 40. g3 Rd1+ 41. Ka2 Rg1 42. Qc7+ Kg6 43. Qd8 Qe5 44. Qg8+ Kh6 45. Qh8+ Kg6 46. Qg8+ Kh6 47. Qh8+ Kg6 1/2-1/2

[Event "Olympiad-42"]
[Site "Baku"]
[Date "2016.09.04"]
[Round "3.1"]
[White "Arenas Vanegas, David"]
[Black "Pace, Colin"]
[Result "1-0"]
[WhiteElo "2490"]
[BlackElo "2172"]
[PlyCount "71"]
[EventDate "2016.09.02"]
[EventType "team-swiss"]
[EventRounds "11"]
[EventCountry "AZE"]
[SourceTitle "CBM 175"]
[Source "ChessBase"]
[SourceDate "2016.11.10"]
[SourceVersion "1"]
[SourceVersionDate "2016.11.10"]
[SourceQuality "1"]
[WhiteTeam "Colombia"]
[BlackTeam "Malta"]
[WhiteTeamCountry "COL"]
[BlackTeamCountry "MLT"]

1. e4 c5 2. Nf3 Nc6 3. d4 cxd4 4. Nxd4 g6 5. c4 Bg7 6. Be3 d6 7. Nc3 Nh6 8. f3 f5 9. Qd2 Nxd4 10. Bxd4 0-0 11. Bxg7 Kxg7 12. Bd3 Qa5 13. Nd5 Qxd2+ 14. Kxd2 Rf7 15. Rhe1 e6 16. Nc3 Bd7 17. Rad1 Rd8 18. Kc2 Rff8 19. b4 a6 20. a4 Nf7 21. exf5 gxf5 22. a5 Rc8 23. Kb3 Rc7 24. f4 Kf6 25. Re3 Rg8 26. g3 Rgc8 27. Be2 Bc6 28. g4 fxg4 29. Bxg4 Re8 30. Bh5 Rd8 31. Rde1 Re7 32. b5 axb5 33. cxb5 Bg2 34. Rg3 Bd5+ 35. Nxd5+ exd5 36. Rxe7 1-0

[Event "Etna op 2nd"]
[Site "Nicolosi"]
[Date "2015.12.08"]
[Round "7"]
[White "Bifulco, Michel"]
[Black "Pace, Colin"]
[Result "0-1"]
[WhiteElo "2187"]
[BlackElo "2169"]
[PlyCount "92"]
[EventDate "2015.12.04"]
[EventType "swiss"]
[EventRounds "7"]
[EventCountry "ITA"]
[SourceTitle "CBM 170 Extra"]
[Source "ChessBase"]
[SourceDate "2016.02.25"]
[SourceVersion "1"]
[SourceVersionDate "2016.02.25"]
[SourceQuality "1"]

1. e4 c5 2. Nf3 Nc6 3. Bb5 g6 4. 0-0 Bg7 5. Re1 Nd4 6. Bf1 d6 7. h3 Nf6 8. c3 Nxf3+ 9. Qxf3 Nd7 10. Qd1 0-0 11. d3 b5 12. Be3 Bb7 13. g3 d5 14. d4 cxd4 15. Bxd4 e5 16. Be3 Nf6 17. Bc5 Re8 18. exd5 Bxd5 19. Bxb5 Qc8 20. Bxe8 Qxh3 21. Qxd5 Nxd5 22. Bc6 Rc8 23. Bxd5 Rxc5 24. Bg2 Qd7 25. Na3 Qd2 26. Rab1 Bf6 27. Red1 Qe2 28. Re1 Qg4 29. Nc2 Bg5 30. Nb4 Qf5 31. Rbd1 h5 32. Re4 a5 33. Nd5 Qe6 34. Ra4 Qe8 35. Ra3 e4 36. b4 axb4 37. cxb4 Rc2 38. Re1 f5 39. f4 Qc6 40. Ra5 Bd8 41. Rd1 Rc1 42. Nf6+ Bxf6 43. Rxc1 Qxc1+ 44. Kh2 h4 45. b5 hxg3+ 46. Kh3 Qxf4 0-1

[Event "Etna op 2nd"]
[Site "Nicolosi"]
[Date "2015.12.06"]
[Round "5"]
[White "Pace, Colin"]
[Black "Marzaduri, Riccardo"]
[Result "0-1"]
[WhiteElo "2169"]
[BlackElo "2137"]
[PlyCount "108"]
[EventDate "2015.12.04"]
[EventType "swiss"]
[EventRounds "7"]
[EventCountry "ITA"]
[SourceTitle "CBM 170 Extra"]
[Source "ChessBase"]
[SourceDate "2016.02.25"]
[SourceVersion "1"]
[SourceVersionDate "2016.02.25"]
[SourceQuality "1"]

1. e4 e6 2. d4 d5 3. Nd2 h6 4. Bd3 Nf6 5. e5 Nfd7 6. Ne2 c5 7. c3 Nc6 8. Nf3 Be7 9. Nf4 Qc7 10. Be3 b6 11. a3 c4 12. Bc2 Ba6 13. 0-0 0-0-0 14. Re1 Rdg8 15. Nd2 Bg5 16. Nh5 g6 17. Ng3 Nf8 18. b3 cxb3 19. Bxb3 Na5 20. Ba2 Bc4 21. Bxc4 Nxc4 22. Nxc4 Qxc4 23. Qf3 Rg7 24. Nf1 Be7 25. Nd2 Qc6 26. c4 Kd8 27. Rec1 g5 28. cxd5 Qxd5 29. Qe2 Qb7 30. Rc3 f5 31. exf6 Bxf6 32. Rac1 Rd7 33. Rc6 Rhh7 34. Ne4 Ke7 35. Rc8 Qxe4 36. Qb5 Qd5 37. Qb1 Kf7 38. Qb4 Be7 39. Qb1 Qf5 40. Qb3 Ng6 41. Qa4 Qd5 42. Qd1 h5 43. R1c3 Nh4 44. Qf1 Rg7 45. f3 Nf5 46. Bf2 Rg8 47. R8c4 Nd6 48. Rc6 Rgd8 49. Qb1 Qf5 50. Qd1 Nb5 51. R3c4 Nxd4 52. Bxd4 b5 53. Rc1 Rxd4 54. Qe1 Qd5 0-1

[Event "Etna op 2nd"]
[Site "Nicolosi"]
[Date "2015.12.05"]
[Round "2"]
[White "Imbraguglia, Fabio"]
[Black "Pace, Colin"]
[Result "0-1"]
[WhiteElo "2017"]
[BlackElo "2169"]
[PlyCount "172"]
[EventDate "2015.12.04"]
[EventType "swiss"]
[EventRounds "7"]
[EventCountry "ITA"]
[SourceTitle "CBM 170 Extra"]
[Source "ChessBase"]
[SourceDate "2016.02.25"]
[SourceVersion "1"]
[SourceVersionDate "2016.02.25"]
[SourceQuality "1"]

1. d4 f5 2. Bg5 h6 3. Bh4 g5 4. e3 Nf6 5. Bg3 d6 6. Nc3 Bg7 7. h4 e6 8. hxg5 hxg5 9. Rxh8+ Bxh8 10. Be2 Qe7 11. f3 Nc6 12. Qd2 Bd7 13. 0-0-0 0-0-0 14. Nh3 Rg8 15. e4 Nh5 16. Bf2 g4 17. fxg4 fxg4 18. Ng1 a6 19. Kb1 e5 20. Nd5 Qe8 21. dxe5 Qxe5 22. Nc3 Be6 23. a3 Nf6 24. Bd3 Nd7 25. Nge2 Nc5 26. Bg3 Qg7 27. Nf4 Bf7 28. Rh1 Ne5 29. Qe2 Re8 30. Qf2 Nc4 31. Nfe2 Kb8 32. Bf4 Bg8 33. g3 Ne5 34. Nc1 Be6 35. Qg2 Nf3 36. Bh6 Qf6 37. Bf4 Bg7 38. Rh5 Bg8 39. Rh1 Nxe4 40. Bxe4 Rxe4 41. Nd3 Re8 42. Rd1 Qf7 43. Nc1 Bxc3 44. bxc3 Qc4 45. Kb2 Ne5 46. Rd4 Qc6 47. Qxc6 Nxc6 48. Rd1 Na5 49. Rh1 Nc4+ 50. Kb3 Nb6+ 51. c4 Bxc4+ 52. Kc3 Re4 53. Bh6 Nd5+ 54. Kd2 Rd4+ 55. Nd3 Nb6 56. Re1 Bb5 57. Re7 Ra4 58. Rg7 Nc4+ 59. Ke1 Nxa3 60. Nb2 Rb4 61. Rg8+ Ka7 62. Bg7 Nxc2+ 63. Kd2 Na3 64. Kc3 Re4 65. Nd1 Bc6 66. Bh6 Nb5+ 67. Kd2 Rd4+ 68. Ke1 b6 69. Ne3 Bf3 70. Bf4 Re4 71. Kd2 Rd4+ 72. Ke1 a5 73. Rg7 a4 74. Nc2 Rd1+ 75. Kf2 Kb7 76. Rg5 Rb1 77. Bd2 a3 78. Nb4 Nd4 79. Ke3 Rxb4 80. Bxb4 Nc2+ 81. Kd2 Nxb4 82. Kc3 a2 83. Kb2 Kc6 84. Rh5 Bd5 85. Rh2 Kc5 86. Rh4 Nc2 0-1

[Event "Prague op-A 12th"]
[Site "Prague"]
[Date "2013.01.10"]
[Round "2"]
[White "Pace, Colin"]
[Black "Pacher, Milan"]
[Result "1/2-1/2"]
[WhiteElo "2170"]
[BlackElo "2436"]
[PlyCount "103"]
[EventDate "2013.01.09"]
[EventType "swiss"]
[EventRounds "9"]
[EventCountry "CZE"]
[SourceTitle "CBM 152 Extra"]
[Source "ChessBase"]
[SourceDate "2013.02.25"]
[SourceVersion "1"]
[SourceVersionDate "2013.02.25"]
[SourceQuality "1"]

1. e4 c5 2. Nf3 e6 3. d4 cxd4 4. Nxd4 Nc6 5. Nc3 Qc7 6. Be2 Nf6 7. 0-0 a6 8. Be3 Bb4 9. Na4 0-0 10. Nxc6 bxc6 11. Qd4 Bd6 12. g3 Rb8 13. Qd3 Nxe4 14. Bb6 Rxb6 15. Nxb6 Qxb6 16. Qxe4 Qxb2 17. Rab1 Qxa2 18. Ra1 Qd5 19. Qxd5 cxd5 20. Bxa6 Be5 21. Ra2 Bxa6 22. Rxa6 g5 23. Rb1 Kg7 24. Rb7 d6 25. Kf1 Kg6 26. Ke2 h5 27. h3 g4 28. h4 Rc8 29. Ra2 Rc4 30. Rb3 Bc3 31. Kd3 Bd4 32. c3 Bc5 33. Rb8 Kg7 34. Re2 Ra4 35. Rbb2 Ra1 36. Ra2 Rf1 37. c4 dxc4+ 38. Kxc4 Kf6 39. Rad2 Ke7 40. Rb2 f5 41. Rb7+ Kf6 42. Rh7 Kg6 43. Rd7 e5 44. Rb2 Kf6 45. Rbb7 Rc1+ 46. Kd5 Rd1+ 47. Kc6 e4 48. Rf7+ Kg6 49. Rg7+ Kf6 50. Rgf7+ Kg6 51. Rg7+ Kf6 52. Rgf7+ 1/2-1/2

[Event "Olympiad-40"]
[Site "Istanbul"]
[Date "2012.08.29"]
[Round "2.1"]
[White "Bacchas, Clevert"]
[Black "Pace, Colin"]
[Result "0-1"]
[WhiteElo "1944"]
[BlackElo "2136"]
[PlyCount "62"]
[EventDate "2012.08.28"]
[EventType "team-swiss"]
[EventRounds "11"]
[EventCountry "TUR"]
[SourceTitle "CBM 151"]
[Source "ChessBase"]
[SourceDate "2012.11.13"]
[SourceVersion "1"]
[SourceVersionDate "2012.11.13"]
[SourceQuality "1"]
[WhiteTeam "Bermuda"]
[BlackTeam "Malta"]
[WhiteTeamCountry "BER"]
[BlackTeamCountry "MLT"]

1. d4 f5 2. c4 Nf6 3. Nf3 g6 4. g3 Bg7 5. Bg2 d6 6. 0-0 0-0 7. Nc3 Qe8 8. Qc2 Na6 9. Re1 c6 10. a3 e5 11. dxe5 dxe5 12. e4 f4 13. gxf4 Nh5 14. fxe5 Bg4 15. Qe2 Nc5 16. h3 Bxf3 17. Bxf3 Nb3 18. Rb1 Nd4 19. Bxh5 Nxe2+ 20. Bxe2 Bxe5 21. c5 Qe6 22. Bg4 Qf6 23. Be3 h5 24. Be2 Bf4 25. Bc4+ Kh7 26. Bxf4 Qxf4 27. Re2 Qg5+ 28. Kf1 Rf3 29. Rd1 Rxh3 30. Rd7+ Kh6 31. Red2 Qg4 0-1

[Event "London e2e4 Diamond Jubilee op"]
[Site "London"]
[Date "2012.06.04"]
[Round "4"]
[White "Rudd, Jack"]
[Black "Pace, Colin"]
[Result "1-0"]
[WhiteElo "2305"]
[BlackElo "2128"]
[PlyCount "35"]
[EventDate "2012.06.02"]
[EventType "swiss"]
[EventRounds "9"]
[EventCountry "ENG"]
[SourceTitle "CBM 148 Extra"]
[Source "ChessBase"]
[SourceDate "2012.06.22"]
[SourceVersion "1"]
[SourceVersionDate "2012.06.22"]
[SourceQuality "1"]

1. e4 c5 2. Nf3 Nc6 3. d4 cxd4 4. Nxd4 g6 5. Nc3 Bg7 6. Be3 Nf6 7. Be2 0-0 8. f4 e5 9. Ndb5 exf4 10. Bxf4 Ne8 11. Bc4 a6 12. Nd6 Nxd6 13. Qxd6 Qa5 14. 0-0 Be5 15. Bxe5 Nxe5 16. Nd5 Nc6 17. Nf6+ Kg7 18. Nxh7 1-0

[Event "Gatwick e2e4 op-A"]
[Site "Gatwick"]
[Date "2011.06.18"]
[Round "2"]
[White "Pace, Colin"]
[Black "Norinkeviciute, Rasa"]
[Result "1-0"]
[WhiteElo "2173"]
[BlackElo "2012"]
[PlyCount "75"]
[EventDate "2011.06.17"]
[EventType "swiss"]
[EventRounds "5"]
[EventCountry "ENG"]
[SourceTitle "CBM 143 Extra"]
[Source "ChessBase"]
[SourceDate "2011.08.29"]
[SourceVersion "1"]
[SourceVersionDate "2011.08.29"]
[SourceQuality "1"]

1. e4 c5 2. Nf3 d6 3. d4 cxd4 4. Nxd4 Nf6 5. Nc3 a6 6. Bc4 e6 7. Bb3 b5 8. 0-0 Bb7 9. Re1 Nc6 10. Nxc6 Bxc6 11. Nd5 Bxd5 12. exd5 e5 13. a4 Be7 14. Qd3 b4 15. a5 Nd7 16. Bd2 0-0 17. Bxb4 f5 18. f3 Qc7 19. Ba4 Nc5 20. Qc3 Kh8 21. Bc6 Rab8 22. Qc4 Nd7 23. Bc3 Qc8 24. b4 Nf6 25. Rab1 f4 26. Qd3 g5 27. h3 Rg8 28. Bd4 Qf8 29. Ba7 Rc8 30. Qxa6 h5 31. Qd3 g4 32. hxg4 hxg4 33. Kf2 gxf3 34. Rh1+ Kg7 35. gxf3 Kf7 36. Qf5 Rg3 37. Rh7+ Kg8 38. Rbh1 1-0